Central Library OPAC University of Rajshahi

Sampling / (Record no. 51599)

MARC details
000 -LEADER
fixed length control field 00823nam a2200253 a 4500
001 - CONTROL NUMBER
control field 51599
003 - CONTROL NUMBER IDENTIFIER
rucl marc code BD-RjUL
005 - DATE AND TIME OF LATEST TRANSACTION
control field 20211209075703.0
008 - FIXED-LENGTH DATA ELEMENTS--GENERAL INFORMATION
fixed length control field 160931s1992 nyua b 001 0 eng d
020 ## - INTERNATIONAL STANDARD BOOK NUMBER
International Standard Book Number 0471540455
035 ## - SYSTEM CONTROL NUMBER
System control number (BD-RjUL) 51719
040 ## - CATALOGING SOURCE
Original cataloging agency BD-RjUL
Language of cataloging eng
Transcribing agency BD-RjUL
Modifying agency BD-RjUL
041 ## - LANGUAGE CODE
Language code of text/sound track or separate title eng
082 ## - DEWEY DECIMAL CLASSIFICATION NUMBER
Edition number 23
Classification number 519.52
Author mark and year THS 1992
100 1# - MAIN ENTRY--PERSONAL NAME
Personal name Thompson, Steven K.,
Dates associated with a name 1945-
9 (RLIN) 154239
245 10 - TITLE STATEMENT
Title Sampling /
Statement of responsibility, etc. Steven K. Thompson
260 ## - PUBLICATION, DISTRIBUTION, ETC. (IMPRINT)
Place of publication, distribution, etc. New York :
Name of publisher, distributor, etc. Wiley,
Date of publication, distribution, etc. c1992
300 ## - PHYSICAL DESCRIPTION
Pagination xv, 343 p :
Illustrations ill ;
Size 25 cm
490 1# - SERIES STATEMENT
Series statement Wiley series in probability and mathematical statistics.
504 ## - BIBLIOGRAPHY, ETC. NOTE
Bibliography, etc Includes bibliographical references (p. 322-335) and indexes
650 #0 - SUBJECT ADDED ENTRY--TOPICAL TERM
Topical term or geographic name as entry element Sampling (Statistics)
9 (RLIN) 153382
830 #0 - SERIES ADDED ENTRY--UNIFORM TITLE
Uniform title Wiley series in probability and mathematical statistics.
942 ## - ADDED ENTRY ELEMENTS (KOHA)
Source of classification or shelving scheme Dewey Decimal Classification
Koha item type Books
Holdings
Lost status Source of classification or shelving scheme Damaged status Not for loan Collection code Permanent Location Current Location Shelving location Date acquired Source of acquisition Cost, normal purchase price Total Checkouts Full call number Date last seen Copy number Koha item type
  Dewey Decimal Classification     Non-fiction Central Library, University of Rajshahi Central Library, University of Rajshahi   09/04/1997 Syntex Chittagong 6505.66   519.52 THS 1992 31/08/2016 C-2 Books
  Dewey Decimal Classification   Not For Loan Non-fiction Central Library, University of Rajshahi Central Library, University of Rajshahi Reading Room 09/04/1997 Syntext 6505.00   519.52 THS 1992 15/04/2017 C-1 Books